| 000 | 00465nam a2200169Ia 4500 | ||
|---|---|---|---|
| 999 |
_c19580 _d19580 |
||
| 003 | OSt | ||
| 005 | 20201104101631.0 | ||
| 008 | 190216s9999||||xx |||||||||||||| ||und|| | ||
| 040 | _coclc | ||
| 082 |
_a909 _bWEL/S |
||
| 100 |
_aWells, H G _93386 |
||
| 245 | 0 |
_aA Short History Of The World / _cH G Wells |
|
| 250 | _aRevised Ed. | ||
| 260 |
_bPenguin Books, _c1982. _aNew York: |
||
| 300 | _a357p | ||
| 942 |
_cBK _2ddc _h909 _iWEL/S _k909 _mWEL/S |
||